10群馬県の市町村(選択形式) - Statistics

General Stats
  • This quiz has been taken 37 times
  • The average score is 17 of 35
Answers on the Map
Answers color-coded by a green-red scale on the quiz's map according to % correct below.
 
Answer Stats
Answer % Correct
03:桐生市
88%
01:前橋市
69%
02:高崎市
69%
29:みなかみ町
69%
07:館林市
58%
12:みどり市
58%
22:嬬恋村
58%
26:片品村
58%
05:太田市
54%
06:沼田市
54%
09:藤岡市
54%
04:伊勢崎市
50%
23:草津町
50%
31:板倉町
50%
08:渋川市
46%
18:南牧村
46%
21:長野原町
46%
30:玉村町
46%
34:大泉町
46%
10:富岡市
42%
11:安中市
42%
13:榛東村
42%
15:上野村
42%
17:下仁田町
42%
25:東吾妻町
42%
27:川場村
42%
28:昭和村
42%
35:邑楽町
42%
14:吉岡町
38%
16:神流町
38%
19:甘楽町
38%
24:高山村
38%
32:明和町
38%
33:千代田町
38%
20:中之条町
35%
No matching quizzes found
Score Distribution
Percent of People with Each Score
Percentile by Number Answered
Your Score History
You have not taken this quiz